| 000 | 00000nam##2200000za#4500 |
| 001 | 9.642362 |
| 003 | CaOODSP |
| 005 | 20210624223649 |
| 007 | cr ||||||||||| |
| 008 | 150407|2000||||xxc|||||o f|0| 0 fre|d |
| 040 | |aCaOODSP|bfre |
| 043 | |an-cn--- |
| 086 | 1 |aSC3-89/2000F-PDF |
| 110 | 1 |aCanada.|bCommission de la Fonction publique du Canada. |bConseil consultatif de la Commission de la Fonction publique. |
| 245 | 10|aLes recours et les mesures de réparation à la fonction publique |h[ressource électronique] |
| 260 | |aOttawa - Ontario : |bCommission de la Fonction publique. |c2000. |
| 300 | |a14p.|btableaux |
| 500 | |aLe n° de catalogue (SC3-89/2000) et l'ISBN (0-662-65170-7) de l'édition imprimée bilingue ont été incorrectement copiés dans l'édition électronique. |
| 590 | |a13-19-Supp|b2013-08-14 |
| 691 | 07|aFonction publique|2gcpds |
| 691 | 07|aRessources humaines|2gcpds |
| 775 | 08|tRecourse and redress in the public service |w(CaOODSP)9.698349 |
| 776 | 0#|tRecourse and redress in the public service : |w(CaOODSP)9.662083 |
| 776 | 0#|tLes recours et les mesures de réparation à la fonction publique : |w(CaOODSP)9.662084 |
| 856 | 40|ahttp://publications.gc.ca|qPDF|s234 Ko|uhttps://publications.gc.ca/collections/Collection/SC3-89-2000F.pdf |